Recent Advances on Quasi-Metric Spaces (Record no. 32628)

MARC details
000 -LEADER
fixed length control field 01065nam a2200121Ia 4500
008 - FIXED-LENGTH DATA ELEMENTS--GENERAL INFORMATION
fixed length control field 220620s9999||||xx |||||||||||||| ||und||
245 #0 - TITLE STATEMENT
Title Recent Advances on Quasi-Metric Spaces
546 ## - LANGUAGE NOTE
Language note English[eng]
650 ## - SUBJECT ADDED ENTRY--TOPICAL TERM
Topical term or geographic name entry element b-metric||Banach fixed point theorem||Caristi fixed point theorem||homotopy||M-metric||M-Pompeiu–Hausdorff type metric||multivalued mapping||fixed point||quasi metric space||altering distance function||(ψ, ϕ)-quasi contraction.||pata type contraction||Suzuki type contraction||C-condition||orbital admissible mapping||non-Archimedean quasi modular metric space||θ-contraction||Suzuki contraction||simulation contraction||R-function||simulation function||manageable function||contractivity condition||binary relation||quasi-metric space||left K-complete||α–ψ-contractive mapping||asymptotic stability||differential and riemann-liouville fractional differential neutral systems||linear matrix inequality
700 ## - ADDED ENTRY--PERSONAL NAME
Personal name Fulga, Andreea||Karapinar, Erdal
856 ## - ELECTRONIC LOCATION AND ACCESS
Uniform Resource Identifier <a href="https://mdpi.com/books/pdfview/book/2347">https://mdpi.com/books/pdfview/book/2347</a>
942 ## - ADDED ENTRY ELEMENTS (KOHA)
Koha item type E-Books
Holdings
Withdrawn status Lost status Damaged status Not for loan Home library Current library Date acquired Total Checkouts Date last seen Price effective from Koha item type
        Kerala University of Digital Sciences, Innovation and Technology Knowledge Centre Kerala University of Digital Sciences, Innovation and Technology Knowledge Centre 20/06/2022   20/06/2022 20/06/2022 E-Books